Capitais Regionais de Minas Gerais - Statistics

Estatísticas Gerais
  • Esse quiz foi jogado 151 vezes
  • A pontuação média é 8 de 12
Estatísticas das Respostas
Mesorregião Capital % Correto
Metropolitana de Belo Horizonte Belo Horizonte
98%
Triângulo Mineiro e Alto Paranaíba Uberlândia
98%
Zona da Mata Juiz de Fora
91%
Norte de Minas Montes Claros
83%
Vale do Rio Doce Governador Valadares
78%
Sul e Sudoeste de Minas Poços de Caldas
59%
Vale do Mururi Teófilo Otoni
58%
Oeste de Minas Divinópolis
57%
Campo das Vertentes Barbacena
42%
Jequitinhonha Diamantina
39%
Noroeste de Minas Paracatu
34%
Central Mineira Curvelo
26%
Nenhum quiz correspondente encontrado
Distribuição das Pontuações
Porcentagem de Pessoas com Cada Pontuação
Percentil de Números Respondidos
Sua Pontuação Histórica
Você não jogou esse quiz